|
|
|
|
| LEADER |
00000nam0a2200000 4500 |
| 001 |
87518 |
| 005 |
20231031102231.0 |
| 010 |
|
|
|a 9660307993
|
| 010 |
|
|
|a 5-17-003014-2
|
| 035 |
|
|
|a (RuTPU)RU\TPU\book\93952
|
| 090 |
|
|
|a 87518
|
| 100 |
|
|
|a 20051209d2000 m y0rusy50 ca
|
| 101 |
1 |
|
|a rus
|c ger
|
| 102 |
|
|
|a RU
|
| 105 |
|
|
|a c z 000ay
|
| 200 |
1 |
|
|a Назову себя Гантенбайн
|e пер. с нем.
|e романы
|f М. Фриш
|
| 210 |
|
|
|a Москва
|c АСТ
|c Фолио
|d 2000
|
| 215 |
|
|
|a 576 с.
|
| 225 |
1 |
|
|a Вершины. Коллекция
|
| 464 |
|
|
|t Homo Фабер
|
| 464 |
|
|
|t Солдатская книжка
|
| 610 |
1 |
|
|a немецкая литература
|
| 610 |
1 |
|
|a швейцарская литература
|
| 610 |
1 |
|
|a романы
|
| 675 |
|
|
|a 83
|v 3
|
| 700 |
|
1 |
|a Фриш
|b М.
|c швейц. писатель
|c писал на нем. яз.
|f 1911-1991
|g Макс
|2 stltpush
|3 (RuTPU)RU\TPU\pers\37216
|
| 801 |
|
1 |
|a RU
|b 63413507
|c 20051209
|g PSBO
|
| 801 |
|
2 |
|a RU
|b 63413507
|c 20160908
|g PSBO
|
| 942 |
|
|
|c BK
|